| 000 | 00437nam a2200157 4500 | ||
|---|---|---|---|
| 001 | 109652 | ||
| 003 | ES-MaACL | ||
| 005 | 20230906184901.0 | ||
| 007 | t| | ||
| 008 | 061121s1909 xxu r ||||1| eng d | ||
| 100 | 1 |
_aMunro, William Bennett. _984221 |
|
| 245 | 1 | 4 |
_aThe goverment of european cities / _cWilliam Bennett Munro. |
| 260 |
_aNew York : _bMacmillan, _c1909. |
||
| 300 |
_aVIII, 409 p. ; _c22 cm. |
||
| 852 |
_aES-MaACL _jD-585 |
||
| 999 |
_c109652 _d109652 |
||